Information systems for educational planning : a case study on the need for education personnel training in Kwara-Nigeria /

Bibliographic Details
Main Author: Owolabi, Jide
Format: Thesis Microform Book
Language:English
Published: [Place of publication not identified] : [publisher not identified] ; 1982.
Subjects:

MARC

Tag First Indicator Second Indicator Subfields
LEADER 00000cam a2200000 a 4500
001 in00000896313
005 20150923183119.0
007 hd af||||b|||
008 900510r19821982miua ab 00010 eng d
035 |a (OCoLC)21503135 
035 |9 AEM5630AM 
040 |a TXA  |c TXA  |d UtOrBLW 
043 |a f-nr--- 
049 |a TXAI 
099 |a film  |a B  |a 3469 
100 1 |a Owolabi, Jide. 
245 1 0 |a Information systems for educational planning :  |b a case study on the need for education personnel training in Kwara-Nigeria /  |c by Samuel Olajide Owolabi. 
264 1 |a [Place of publication not identified] :  |b [publisher not identified] ;  |c 1982. 
300 |a xiii, 202 leaves :  |b illustrations 
336 |a text  |b txt  |2 rdacontent 
337 |a microform  |b h  |2 rdamedia 
338 |a microfilm reel  |b hd  |2 rdacarrier 
502 |b Ph. D.  |c University of Michigan  |d 1982. 
504 |a Includes bibliographical references. 
533 |a Microfilm.  |b Ann Arbor, MI :  |c University Microfilms International,  |d 1982.  |e 1 microfilm reel ; 35 mm. 
500 |a Microform. 
650 0 |a Educational planning  |z Nigeria  |x Study and teaching. 
650 0 |a Educational planning  |z Nigeria  |x Case studies. 
999 |a MARS 
999 f f |s f8a19137-9e98-3624-8655-326ce04f13ff  |i 94089632-03dc-3194-8a06-99536cedfcfd  |t 0 
952 f f |p default  |a Texas A&M University  |b College Station  |c Sterling C. Evans Library  |d Evans: Microforms (3rd floor)  |t 0  |e film B 3469  |h Other scheme  |i microform -- microfilm reel 
998 f f |a film B 3469  |t 0  |l Evans: Microforms (3rd floor)